Дело об удовлетворении квартирными, столовыми и разъездными деньгами лиц, служащих в учительских институтах, семинариях и школах

Доступно только в Электронных читальных залах Найти на картеНа карте
RUSMARC
00003729nmc2a22002413x 450
001dd40a92b-fe56-46c6-91e9-8053bc92d79b
00520201215114859.0
100##$a20200319l19121914k l0rusy0189 ca
1010#$arus
102##$aRU
105##$ay###
1222#$ad
2001#$aДело об удовлетворении квартирными, столовыми и разъездными деньгами лиц, служащих в учительских институтах, семинариях и школах
$j23 января 1912 г. - 4 ноября 1914 г.
215##$a88 л.
$d36,5х26 см
251##$cДело
300##$aДело
371##$aДокумент не является опубликованным и широко распространяемым
461#0$1001a74412a3-3cc5-4d21-8f0a-dfe2fbd9e72d
$12001
$aДепартамент народного просвещения Министерства народного просвещения
$1251
$cФонд
$1852
$j733
462#0$1001de44f274-01d8-41ba-8482-7eb0224f7e61
$12001
$aДела разряда учительских институтов, семинарий и низших учебных заведений
$1251
$cОпись
$1852
$j179
801#0$aRU
$bРГИА
$c20200319
$gRCR
801#1$aRU
$bГлавНИВЦ
$c20200319
$2rusmarc
801#2$aRU
$bПБ им. Б.Н. Ельцина
$c20201215
$gRCR
$2rusmarc
850##$aРГИА
852##$aРГИА
$eФедеральное казенное учреждение "Российский государственный исторический архив" (РГИА)
$j14
937##$hРГИА
$d12341376
$aASBIBLIO_SCAN
035##$aRusGRCC00004058
856##$uhttp://readingroom.main.prlib.ru/item.aspx?id_node=n152266850&mode=full
Формат отображения